000 00332nam a2200157Ia 4500
003 0STCL
008 150530s9999 xx 000 0 und d
040 _aSTCL
_cSTCL
100 _aDouglas
245 _aCharacter of prose
260 _c1959
546 _aEnglish
942 _2ddc
_cBK
999 _c52566
_d52566
005 20220125170901.0